<?xml version="1.0" encoding="UTF-8"?>
<record
    xmlns:xsi="http://www.w3.org/2001/XMLSchema-instance"
    xsi:schemaLocation="http://www.loc.gov/MARC21/slim http://www.loc.gov/standards/marcxml/schema/MARC21slim.xsd"
    xmlns="http://www.loc.gov/MARC21/slim">

  <leader>01413cam a2200325 a 4500</leader>
  <controlfield tag="001">2144</controlfield>
  <controlfield tag="003">FISKH</controlfield>
  <controlfield tag="005">20231107140256.0</controlfield>
  <controlfield tag="008">090220s2010    mnua   j      000 1 eng  </controlfield>
  <datafield tag="010" ind1=" " ind2=" ">
    <subfield code="a">  2009006303</subfield>
  </datafield>
  <datafield tag="020" ind1=" " ind2=" ">
    <subfield code="a">9781434215635 (lib. bdg.)</subfield>
  </datafield>
  <datafield tag="020" ind1=" " ind2=" ">
    <subfield code="a">9781434217301 (pbk.)</subfield>
  </datafield>
  <datafield tag="040" ind1=" " ind2=" ">
    <subfield code="a">DLC</subfield>
    <subfield code="c">DLC</subfield>
    <subfield code="d">DLC</subfield>
    <subfield code="b">eng</subfield>
  </datafield>
  <datafield tag="042" ind1=" " ind2=" ">
    <subfield code="a">lcac</subfield>
  </datafield>
  <datafield tag="050" ind1="0" ind2="0">
    <subfield code="a">PZ7.D15134</subfield>
    <subfield code="b">Man 2010</subfield>
  </datafield>
  <datafield tag="082" ind1="0" ind2="0">
    <subfield code="a">813.54</subfield>
    <subfield code="2">22</subfield>
  </datafield>
  <datafield tag="100" ind1="1" ind2=" ">
    <subfield code="a">Dahl, Michael.</subfield>
  </datafield>
  <datafield tag="245" ind1="1" ind2="4">
    <subfield code="a">The man behind the mask /</subfield>
    <subfield code="c">written by Michael Dahl ; illustrated by Dan Schoening.</subfield>
  </datafield>
  <datafield tag="260" ind1=" " ind2=" ">
    <subfield code="a">Minneapolis :</subfield>
    <subfield code="b">Stone Arch,</subfield>
    <subfield code="c">2010.</subfield>
  </datafield>
  <datafield tag="300" ind1=" " ind2=" ">
    <subfield code="a">48 pages :</subfield>
    <subfield code="b">color illustrations ;</subfield>
    <subfield code="c">20 cm</subfield>
  </datafield>
  <datafield tag="490" ind1="0" ind2=" ">
    <subfield code="a">DC super heroes. Batman</subfield>
  </datafield>
  <datafield tag="505" ind1=" " ind2=" ">
    <subfield code="a">O
</subfield>
  </datafield>
  <datafield tag="520" ind1=" " ind2=" ">
    <subfield code="a">Many years after the death of his parents, Bruce Wayne comes face to face with their killer, Joe Chill. While chasing down the cold-blooded crook, Bruce recalls the story of his own past and how he became the world's greatest crime fighter . . . Batman. Just in time for Batman's 80th Anniversary, this action-packed chapter book also features a brand new Batman's Friends and Foes Roster and historical archives from the Caped Crusader's many years of fighting crime.</subfield>
  </datafield>
  <datafield tag="521" ind1="1" ind2=" ">
    <subfield code="a">620 
</subfield>
    <subfield code="b">Lexile
</subfield>
  </datafield>
  <datafield tag="521" ind1="0" ind2=" ">
    <subfield code="a">O
</subfield>
    <subfield code="b">Raz-Plus
</subfield>
  </datafield>
  <datafield tag="650" ind1=" " ind2="1">
    <subfield code="a">Superheroes</subfield>
    <subfield code="v">Fiction.</subfield>
  </datafield>
  <datafield tag="700" ind1="1" ind2=" ">
    <subfield code="a">Schoening, Dan,</subfield>
    <subfield code="e">illustrator </subfield>
  </datafield>
  <datafield tag="906" ind1=" " ind2=" ">
    <subfield code="a">7</subfield>
    <subfield code="b">cbc</subfield>
    <subfield code="c">orignew</subfield>
    <subfield code="d">1</subfield>
    <subfield code="e">ecip</subfield>
    <subfield code="f">20</subfield>
    <subfield code="g">y-gencatlg</subfield>
  </datafield>
  <datafield tag="942" ind1=" " ind2=" ">
    <subfield code="2">ddc</subfield>
    <subfield code="c">BK</subfield>
    <subfield code="n">0</subfield>
  </datafield>
  <datafield tag="999" ind1=" " ind2=" ">
    <subfield code="c">2144</subfield>
    <subfield code="d">2144</subfield>
  </datafield>
  <datafield tag="952" ind1=" " ind2=" ">
    <subfield code="0">0</subfield>
    <subfield code="1">0</subfield>
    <subfield code="2">ddc</subfield>
    <subfield code="4">0</subfield>
    <subfield code="7">0</subfield>
    <subfield code="8">JUVF</subfield>
    <subfield code="a">001</subfield>
    <subfield code="b">001</subfield>
    <subfield code="c">TK Yellow</subfield>
    <subfield code="d">2023-11-07</subfield>
    <subfield code="l">1</subfield>
    <subfield code="o">DAH 813.54 PZ7.D15134</subfield>
    <subfield code="p">FISTK00562</subfield>
    <subfield code="r">2024-01-22 09:04:29</subfield>
    <subfield code="s">2024-01-12</subfield>
    <subfield code="t">1</subfield>
    <subfield code="w">2023-11-07</subfield>
    <subfield code="y">BK</subfield>
  </datafield>
  <datafield tag="952" ind1=" " ind2=" ">
    <subfield code="0">0</subfield>
    <subfield code="1">0</subfield>
    <subfield code="2">ddc</subfield>
    <subfield code="4">0</subfield>
    <subfield code="7">0</subfield>
    <subfield code="8">JUVF</subfield>
    <subfield code="a">002</subfield>
    <subfield code="b">002</subfield>
    <subfield code="c">TTP Yellow </subfield>
    <subfield code="d">2025-08-19</subfield>
    <subfield code="l">0</subfield>
    <subfield code="o">DAH 813.54 PZ7.D15134</subfield>
    <subfield code="p">FIS02860</subfield>
    <subfield code="r">2025-08-19 11:04:21</subfield>
    <subfield code="t">2</subfield>
    <subfield code="w">2025-08-19</subfield>
    <subfield code="y">BK</subfield>
  </datafield>
</record>
